1778 1910 1306 1919 1394 1573 1482 1443 1774 1140 1426 1711 1536 1677 1617 1644 1468 1036 1902 1604 1114 1960 1696 1238 1362 1487 1599 1844 1806 1193 1491 1817 1390 1733 1808 1588 1512 1519 1949 1678 1135 1098 1363 1869 1462 1592 1899 1912 1261 1582 1980 1992 1717 1700 1266 1976 1543 1136 1016 1075 1066 1432 1074 1254 1989 1405 1005 1460 1907 1387 1538 1575 1437 1988 1716 1933 1730 1747 1710 1140 1837 1666 1942 1564 1286 1020 1313 1905 1306 1204 1956 1803 1503 1489 1551 1910 1174 1229 1702 BCNSPRNW ULIB Ver.6.0+V

เปลี่ยนเป็นภาษาไทย

Change to English
 แสดงรายละเอียดบรรณานุกรม
  กลับหน้าหลัก

Brief Record : Get Marc (ISO 2709) : E-mail record : QR code < ปิดหน้าต่าง
LEADER : 00000nam 2200000uu 4500
001    13399128913
003     ULIB
008    241028s2022||||th 000 0 tha d
020    ^a9780323809405
060 04 ^aWS103^bL527G
100 1  ^aLeifer, Gloria
245 10 ^aGrowth and development across the lifespan :^ba healthpromotion focus /^cGloria Leifer, Eve Fleck
250    ^a3rd ed.
260    ^aSt. Louis, Mo. :^bElsevier,^c2022
300    ^axvi, 346 p. :^bill. ;^c23cm.
504    ^aIncludes bibliographical references (pages 276-298) andindex.
650  2 ^aHealth Promotion
650  2 ^aHealth Education
650  2 ^aMedicine, Preventive
650  2 ^aNursing
700 1  ^aFleck, Eve
945    ^p1717^l0^i011160
999    ^aประนอม เกษจรัล
รายการนี้ยังไม่มีแท็ก
คุณยังไม่ได้ล็อกอิน คุณสามารถมีกิจกรรมร่วมกับเว็บไซต์ได้ แต่ต้องล็อกอินก่อน ::
  ล็อกอิน

รายการสื่อสารสนเทศ

ลำดับที่ ประเภท เลขเรียก/บาร์โค้ด สถานที่ สถานะ
1. วิทยาศาสตร์การแพทย์ และสุขภาพ
หนังสือสำรอง
สถานะ=หนังสือสำรอง
WS103 L527G ฉ.1 
  Barcode: 011160
ห้องสมุดวิทยาเขตสวรรค์ประชารักษ์
►หนังสือทั่วไป
บนชั้น

รายการใกล้เคียง
    ผู้แต่ง [Leifer, Gloria]

    หัวเรื่อง [Health Promotion]
    หัวเรื่อง [Health Education]
    หัวเรื่อง [Medicine, Preventive]
    หัวเรื่อง [Nursing]

BibComment


ยังไม่เคยถูกคอมเมนท์

คอมเมนท์ทรัพยากรรายการนี้
  คอมเมนท์: Growth and devel..


 Copyright 2026. Bcnsprnw @Library